| 000 -ლიდერი |
| ფიქსირებული სიგრძის საკონტროლო ველი |
00935nam a22001937a 4500 |
| 003 - საკონტროლო ნომრის იდენტიფიკატორი |
| საკონტროლო ველი |
Ge_BSU |
| 005 - ბოლო ოპერაციის თარიღი და დრო |
| საკონტროლო ველი |
20241224164538.0 |
| 008 - ფიქსირებული სიგრძის მონაცემთა ელემენტები - ზოგადი ინფორმაცია |
| ფიქსირებული სიგრძის საკონტროლო ველი |
241224s1942 ge ||||| |||| 00| 0 geo d |
| 041 ## - ენის კოდი |
| Language code of text/sound track or separate title |
geo |
| 080 ## - უნივერსალური ათობითი კლასიფიკაციის ინდექსი |
| Universal Decimal Classification number |
611.9(075) დ-32 |
| 100 ## - მთავარი ჩანაწერი - პიროვნების სახელი |
| Personal name |
დემეტრაძე, ნ.ი. |
| 9 (RLIN) |
23746 |
| 245 ## - ცნობა სათაურის შესახებ |
| Title |
ტოპოგრაფიული ანატომიის სახელმძღვანელო. ნაწ. 1 / |
| Statement of responsibility, etc |
ნ.ი. დემეტრაძე; წინასიტყვ. ავტ. ა. ნათიშვილი. |
| 264 ## - წარმოების, გამოცემის, დისტრიბუციის და სხვა ცნობები |
| გამოცემის, წარმოების, დისტრიბუციის... ადგილი |
თბილისი : |
| გამოცემის, წარმოების, დისტრიბუციის... სახელწოდება |
საქმედგამი, |
| გამოცემის, წარმოების, დისტრიბუციის... თარიღი |
1942. |
| 300 ## - ფიზიკური აღწერა |
| Extent |
248 გვ. : |
| Other physical details |
ილ.; |
| Dimensions |
25 სმ. |
| 653 ## - INDEX TERM--UNCONTROLLED |
| Uncontrolled term |
ტოპოგრაფიული ანატომია |
| 653 ## - INDEX TERM--UNCONTROLLED |
| Uncontrolled term |
მედიცინა |
| 700 ## - ADDED ENTRY--PERSONAL NAME |
| Personal name |
ნათიშვილი, ა. |
| Relator term |
წინასიტყვაობის ავტორი |
| 9 (RLIN) |
23488 |
| 942 ## - ADDED ENTRY ELEMENTS (KOHA) |
| Source of classification or shelving scheme |
|
| Koha item type |
წიგნი |